00356nam a2200121Ia 4500008004100000020001800041050002900059100001800088245004900106260003400155300002100189650002400210140429s9999 xx 000 0 und d a9789712720840 aPL 5539.D23b.D159n 2008 aDalisay, Jose aSoledad's Sister :ba novel /cJose Dalisay. aManila :bAnvil Pub.,cc2008. a194 p. :c22 cm. aPhilippine fiction.